A history of stability and change in Lebanon : (Record no. 104117)
[ view plain ]
| 000 -LEADER | |
|---|---|
| fixed length control field | 00471nam a22001577a 4500 |
| 005 - DATE AND TIME OF LATEST TRANSACTION | |
| control field | 20180403104822.0 |
| 008 - FIXED-LENGTH DATA ELEMENTS--GENERAL INFORMATION | |
| fixed length control field | 180403b xxu||||| |||| 00| 0 eng d |
| 020 ## - INTERNATIONAL STANDARD BOOK NUMBER | |
| International Standard Book Number | 9781784530975 |
| 040 ## - CATALOGING SOURCE | |
| Transcribing agency | PK-LaUMT |
| 082 ## - DEWEY DECIMAL CLASSIFICATION NUMBER | |
| Classification number | 956.92 |
| Item number | BAY-H |
| 100 ## - MAIN ENTRY--PERSONAL NAME | |
| Personal name | Bayeh, Joseph |
| 245 ## - TITLE STATEMENT | |
| Title | A history of stability and change in Lebanon : |
| Remainder of title | foreign interventions and internaitonal relations/ |
| Statement of responsibility, etc | Joseph Bayeh |
| 260 ## - PUBLICATION, DISTRIBUTION, ETC. (IMPRINT) | |
| Place of publication, distribution, etc | London : |
| Name of publisher, distributor, etc | I. B. Tauris, |
| Date of publication, distribution, etc | 2017 |
| 300 ## - PHYSICAL DESCRIPTION | |
| Extent | 233 p. |
| 942 ## - ADDED ENTRY ELEMENTS (KOHA) | |
| Koha item type | Books |
| Withdrawn status | Lost status | Damaged status | Home library | Current library | Date acquired | Full call number | Barcode | Date last seen | Price effective from | Koha item type |
|---|---|---|---|---|---|---|---|---|---|---|
| UMT Main Campus | UMT Main Campus | 2018-04-03 | 956.92 BAY-H | 120431 | 2019-12-11 | 2018-04-03 | Books |
